000 00757nam a2200193Ia 4500
008 151121s9999||||xx |||||||||||||| ||und||
082 _a811/सावंत
082 _bHNW-69991
100 _aसावंत वसंत
245 _aमाझ्या दारातले सोनचाफ्याचे झाड
260 _b"पॉप्युलर प्रकाशन, मुंबई।"
260 _c--
300 _a76
600 _aसावंत वसंत
630 _aमाझ्या दारातले सोनचाफ्याचे झाड
700 _aसावंत वसंत
730 _aमाझ्या दारातले सोनचाफ्याचे झाड
942 _cBOOK
999 _c1251469
_d1251466